Basic Business Statistics: Concepts and Applications (Record no. 1083)

MARC details
005 - DATE AND TIME OF LATEST TRANSACTION
control field 20250403121947.0
020 ## - INTERNATIONAL STANDARD BOOK NUMBER
International Standard Book Number 0-13-057746-4
082 ## - DEWEY DECIMAL CLASSIFICATION NUMBER
Classification number 519.5 BER
100 ## - MAIN ENTRY--PERSONAL NAME
Author name BERENSON, M. L.
245 ## - TITLE STATEMENT
Title Basic Business Statistics: Concepts and Applications
250 ## - EDITION STATEMENT
Edition statement 3rd Ed.
260 ## - PUBLICATION, DISTRIBUTION, ETC.
Place of publication, distribution, etc. New York,
Name of publisher, distributor, etc. Prentice-Hall,
Date of publication, distribution, etc. 1986.
300 ## - PHYSICAL DESCRIPTION
Extent xv, 907p.: ill,; figure, graph, table
Other physical details Index.
Dimensions 24cm.
700 ## - ADDED ENTRY--PERSONAL NAME
Other authors/Editors LEVINE, D. M.
942 ## - ADDED ENTRY ELEMENTS (KOHA)
Source of classification or shelving scheme Dewey Decimal Classification
Koha item type Books
Holdings
Date last seen Total checkouts Full call number Barcode Price effective from Koha item type Lost status Source of classification or shelving scheme Damaged status Not for loan Withdrawn status Home library Current library Shelving location Date acquired
04/03/2025   519.5 BER 0000004172 04/03/2025 Books   Dewey Decimal Classification       College of Business Education Main Library College of Business Education Main Library General Collection 04/03/2025